| 000 | 01744nam a2200457Ii 4500 | ||
|---|---|---|---|
| 001 | DIGLOM01058 | ||
| 003 | NyNyDIG | ||
| 006 | m o d | ||
| 007 | cr ||||||||||| | ||
| 008 | 220909s2015 cl ob 000 0 spa d | ||
| 035 | _a(OCoLC)1344279322 | ||
| 040 |
_aDGITA _beng _erda _epn _cDGITA |
||
| 020 | _z9789560006196 | ||
| 041 | 1 |
_aspa _heng |
|
| 043 | _as-ag--- | ||
| 050 | 1 | 4 | _aPQ7798.33.A4 ebook |
| 082 | 0 | 4 | _a982.063092 |
| 100 | 1 |
_aMcCaughan, Michael _q(Michael J.), _eauthor. |
|
| 245 | 1 | 0 |
_aRodolfo Walsh : _bperiodista, escritor y revolucionario, 1927-1977 / _cMichael McCaughan ; traducción de Julia Benseñor. |
| 264 | 1 |
_aSantiago, [Chile] : _bLOM Ediciones, _c[2015] |
|
| 300 | _a1 online resource. | ||
| 336 |
_atext _btxt _2rdacontent |
||
| 337 |
_acomputer _bc _2rdamedia |
||
| 338 |
_aonline resource _bcr _2rdacarrier |
||
| 347 |
_atext file _2rdaft |
||
| 347 | _bPDF | ||
| 504 | _aIncludes bibliographical references. | ||
| 588 | 0 | _aOnline resource; title from PDF title page (Digitalia, viewed September 9, 2022) | |
| 600 | 1 | 0 | _aWalsh, Rodolfo J. |
| 650 | 0 |
_aJournalists _zArgentina _vBiography. |
|
| 650 | 0 |
_aAuthors, Argentine _y20th century _vBiography. |
|
| 651 | 0 |
_aArgentina _xPolitics and government _y1955-1983. |
|
| 655 | 0 | _aElectronic books. | |
| 700 | 1 |
_aBenseñor, Julia, _etranslator. |
|
| 791 | 2 |
_aDigitalia (Firm), _edistributor. |
|
| 793 | 0 |
_gDigitalia eBook Collection: _aLOM Ediciones |
|
| 776 | 0 | 8 |
_iPrint version: _aMcCaughan, Michael (Michael J.) _tRodolfo Walsh. _bPrimera edición. _dSantiago, [Chile] : LOM Ediciones, 2015 _z9789560006196 |
| 856 | 4 | 0 |
_3Digitalia Hispánica _uhttps://www.digitaliapublishing.com/a/50963/ |
| 910 | _aPremium collection: 2022 | ||
| 942 | _cRAA | ||
| 999 |
_c252132 _d252132 |
||